Problems in operations management ,/ (Record no. 1565)

MARC details
000 -LEADER
fixed length control field 00718pam a2200181 4500
020 ## - INTERNATIONAL STANDARD BOOK NUMBER
ISBN 0137185936
050 ## - CALL NUMBER
Classification number HD31 |
Item number .C6448 1974
100 ## - AUTHOR
Personal name Cotlar, Morton, |
245 ## - TITLE
Title Problems in operations management ,/
Statement of responsibility, etc Morton Cotlar, Paul F. DuMont [and] Eugene Richman.
260 ## - PUBLICATION INFORMATION
Place of publication Englewood Cliffs, N.J., |
Name of publisher Prentice-Hall |c [1973,
Year of publication 1974]
300 ## - DESCRIPTION
Number of Pages xii, 382 p. |
Other physical details ill;
Dimensions 28 cm.
500 ## - NOTES
General note Includes index.
505 ## - FORMATTED CONTENTS NOTE
Table of Content Part I. Topic Summaries, <br/>Part II. Problem Solution Guide, <br/>Part III. Study Question Assignments, <br/>Part IV. Problem Assignments.
650 ## - SUBJECTS
Topical Term Industrial management |
General subdivision Problems, exercises, etc.
700 ## - OTHER AUTHORS
Personal name DuMont, Paul F., |
710 ## - OTHER AUTHORS
OTHER AUTHORS Richman, Eugene,
942 ## - ADDED ENTRY ELEMENTS (KOHA)
Koha item type Books
Holdings
Withdrawn status Lost status Home library Current library Shelving location Date acquired Full call number Accession Number Koha item type
    Methodist University Library Tema Methodist University Library Tema General Stacks 13/01/2006 HD31 | .C6448 21228 Books
Copyright © 2026  MUG Library